Strategic management accounting (Record no. 76849)

MARC details
000 -LEADER
fixed length control field 00801nam a2200193 a 4500
008 - FIXED-LENGTH DATA ELEMENTS--GENERAL INFORMATION
fixed length control field 120416s1992 ||||||||||||||||| || u
020 ## - INTERNATIONAL STANDARD BOOK NUMBER
International Standard Book Number 0750601108
050 ## - LIBRARY OF CONGRESS CALL NUMBER
Classification number HF 5657.4 War
100 ## - MAIN ENTRY--PERSONAL NAME
Personal name Ward, Keith
245 10 - TITLE STATEMENT
Title Strategic management accounting
260 ## - PUBLICATION, DISTRIBUTION, ETC.
Place of publication, distribution, etc. Oxford
Name of publisher, distributor, etc. BUTTERWORTH HEINEMANN
Date of publication, distribution, etc. 1992
300 ## - PHYSICAL DESCRIPTION
Extent viii,307p.;ill.
350 ## -
-- 0.00
650 #0 - SUBJECT ADDED ENTRY--TOPICAL TERM
Topical term or geographic name entry element MANAGERIAL ACCOUNTING
650 #0 - SUBJECT ADDED ENTRY--TOPICAL TERM
Topical term or geographic name entry element MANAGEMENT
650 #0 - SUBJECT ADDED ENTRY--TOPICAL TERM
Topical term or geographic name entry element STRATEGIC PLANNING
995 ## -
-- MAIN LIBRARY OPEN ACCESS
-- 0.00
-- 734682
-- CBU-MAIN LIBRARY (Kitwe)
-- 2
-- 0.00
-- HF 5657.4 War
-- 2
-- AVAILABLE
-- Nov 23, 2006
-- 47958
-- Main Library Open Access Collection
995 ## -
-- MAIN LIBRARY OPEN ACCESS
-- 0.00
-- 730600
-- CBU-MAIN LIBRARY (Kitwe)
-- 1
-- 0.00
-- HF 5657.4 War
-- 1
-- AVAILABLE
-- Nov 23, 2006
-- 027476
-- Main Library Open Access Collection
999 ## -
-- 76849
-- 76849
Holdings
Withdrawn status Lost status Source of classification or shelving scheme Damaged status Not for loan Permanent Location Current Location Shelving location Date acquired Total Checkouts Full call number Barcode Date last seen Copy number Price effective from Koha item type
          CBU-MAIN LIBRARY, KITWE. CBU-MAIN LIBRARY, KITWE.   04/25/2023   HF 5657.4 War 47958 04/25/2023 1 04/25/2023 MONOGRAPH
          CBU-MAIN LIBRARY, KITWE. CBU-MAIN LIBRARY, KITWE.   04/25/2023   HF 5657.4 War 027476 04/25/2023 2 04/25/2023 MONOGRAPH